Soccer Teams Logos - Statistics

General Stats
  • This quiz has been taken 1,540 times
  • The average score is 13 of 16
Answer Stats
Picture Answer % Correct
PSG
98%
Liverpool
95%
Barcelona
93%
Juve
92%
Roma
91%
Real Madrid
86%
arsenal
85%
Chelsea
85%
Leicester City
85%
Bayern
83%
Celtic
77%
Spurs
71%
Man United
62%
Rangers
61%
Forest
53%
Hajduk Split
34%
No matching quizzes found
Score Distribution
Percent of People with Each Score
Percentile by Number Answered
Your Score History
You have not taken this quiz